000 00640nam a2200253Ia 4500
003 OSt
005 20221005052637.0
006 a|||||r|||| 00| 0
007 ta
008 221004b |||||||| |||| 00| 0 eng d
020 _a0852234058
024 _a17568
037 _cTextual
040 _aCRL
_cCRL
_beng
041 _2eng
_aeng
082 _aM95g, M4
100 _aMonk Barry
_9596929
245 0 _aFreelance photography handbook.
260 _aLondon
_bEbury Press U.K.
_c1984
300 _a176p.
_ccm.
650 _aINDUSTRIAL ARTS
942 _hM95g, M4
_cTEXL
_2cc
999 _c960739
_d960739